| 000 | 00000nam 2200000zi 4500 |
| 001 | 9.559868 |
| 003 | CaOODSP |
| 005 | 20251007131556 |
| 007 | cr ||||||||||| |
| 008 | 150406s2005||||xxc|||||o f|0| 0 eng d |
| 040 | |aCaOODSP|beng |
| 043 | |an-cn--- |
| 086 | 1 |aYM32-6/03-30E-PDF |
| 100 | 1 |aBarnett, Laura E., |eauthor. |
| 245 | 10|aProstitution in Canada : |binternational obligations, federal law, and provincial and municipal jurisdiction / |cLaura Barnett. |
| 246 | 10|aInternational obligations, federal law, and provincial and municipal jurisdiction |
| 250 | |aRevised 15 April 2005. |
| 264 | 1|a[Ottawa] : |bParliamentary Information and Research Service, Library of Parliament, |c2005. |
| 300 | |a1 online resource (30 pages). |
| 336 | |atext|btxt|2rdacontent |
| 337 | |acomputer|bc|2rdamedia |
| 338 | |aonline resource|bcr|2rdacarrier |
| 490 | 1 |a[Modular backgrounders]|vPRB 03-30E |
| 500 | |aCover title. |
| 500 | |aIssued also in French under title: La prostitution au Canada : obligations internationales, droit fédéral et compétence provinciale et municipal. |
| 504 | |aIncludes bibliographical references. |
| 590 | |a06-10-Supp|b2006-12-15 |
| 690 | 07|aChildren|2gcpds |
| 690 | 07|aFederal government|2gcpds |
| 690 | 07|aInternational law|2gcpds |
| 690 | 07|aLegislation|2gcpds |
| 690 | 07|aLocal government|2gcpds |
| 690 | 07|aProstitution|2gcpds |
| 690 | 07|aWomen|2gcpds |
| 690 | 07|aProvincial governments|2gcpds |
| 710 | 1 |aCanada.|bLibrary of Parliament. |bParliamentary Research Branch, |eissuing body. |
| 775 | 08|tLa prostitution au Canada |w(CaOODSP)9.592581 |
| 794 | |tProstitution in Canada |w(CaOODSP)9.564076 |
| 830 | #0|a[Modular backgrounders]|vPRB 03-30E|w(CaOODSP)9.504922 |
| 856 | 40|ahttp://publications.gc.ca|qPDF|s148 KB|uhttps://publications.gc.ca/collections/Collection-R/LoPBdP/PRB-e/PRB0330-e.pdf|yPRB 03-30E |